Catálogo de la colección de folletos Bonsoms relativos en su mayor parte a historia de Cataluña
Descripción Física:
v.
MARC
| LEADER | 00000nam a2200000Ia 4500 | ||
|---|---|---|---|
| 001 | 8057 | ||
| 008 | 160829s1958 - 1972 xx 000 0 cat d | ||
| 080 | |a A-1-241 | ||
| 110 | 1 | |a Biblioteca de Catalunya |9 52741 | |
| 245 | |a Catálogo de la colección de folletos Bonsoms relativos en su mayor parte a historia de Cataluña | ||
| 260 | |a Barcelona : |b Diputación Provincial de Barcelona, Biblioteca Central, |c 1958 - 1972 | ||
| 300 | |a v. | ||
| 590 | |a Conté: v. 1: Folletos anteriores a 1701, fasc. V | ||
| 650 | |a Biblioteca de Catalunya. Col·lecció Bonsoms |x Catàlegs |9 25999 | ||
| 650 | |a Catalunya |x Història |x Bibliografia |9 39902 | ||
| 710 | 1 | |a Barcelona (Catalunya : Província). |b Diputació |9 52408 | |
| 710 | 2 | |a Biblioteca Central (Barcelona, Catalunya) |9 54533 | |
| 866 | |a 1 | ||
| 901 | |a Arxiu | ||
| 942 | |n 1 | ||
| 952 | |0 0 |1 0 |4 0 |6 A1241 |7 1 |9 49298 |a Arxiu |b Arxiu |d 2016-12-01 |l 0 |o A-1-241 |p 8057 |r 2016-12-01 00:00:00 |w 2016-12-01 |y ARXIU | ||
| 999 | |c 53140 |d 53140 | ||